After the bugles. #1 / Elmer Kelton.
Available copies
- 1 of 1 copy available at LARL/NWRL Consortium.
- 1 of 1 copy available at Lake Agassiz Regional Library. (Show preferred library)
Current holds
0 current holds with 1 total copy.
Show Only Available Copies
| Location | Call Number / Copy Notes | Barcode | Shelving Location | Status | Due Date |
|---|---|---|---|---|---|
| Ada Public Library | CD TALKING BOOK W KEL (Text) | 33500012407672 | Main | Available | - |
Record details
- ISBN: 9781490679419
- ISBN: 1490679413
- Physical Description: 5 sound discs (5 hr., 45 min.) : digital ; 4 3/4 ... Read More
- Edition: Unabridged.
- Publisher: Prince Frederick, MD : Recorded Books, p2016.
Content descriptions
| General Note: | Title from container. Compact disc. In container (17 cm.). |
| Participant or Performer Note: | Narrated by Graham Winton. |
| Summary, etc.: | Sam Houston's victory at San Jacinto has made ... Read More |
Search for related items by subject
| Subject: | Colonists > Fiction. Wars > Fiction. Mexico > Fiction. Texas > Fiction. |
| Genre: | Western stories. Audiobooks. |
Search for related items by series
| LDR | 01748cim a2200433La 4500 | ||
|---|---|---|---|
| 001 | 216212 | ||
| 003 | LARL_NWRL_CONSORTIUM | ||
| 005 | 20160906205608.0 | ||
| 008 | 150310s2016 mdunnnn f n eng d | ||
| 007 | sd fungnnmmned | ||
| 020 | . | ‡a9781490679419 | |
| 020 | . | ‡a1490679413 | |
| 028 | 0 | 1. | ‡aCW0356 ‡bRecorded Books |
| 035 | . | ‡a(OCoLC)954237506 | |
| 082 | 0 | 4. | ‡a813/.54 ‡223 |
| 100 | 1 | . | ‡aKelton, Elmer. ‡0(LARL_NWRL_CONSORTIUM)3989 |
| 245 | 1 | 0. | ‡aAfter the bugles. ‡n#1 / ‡cElmer Kelton. |
| 250 | . | ‡aUnabridged. | |
| 260 | . | ‡aPrince Frederick, MD : ‡bRecorded Books, ‡cp2016. | |
| 300 | . | ‡a5 sound discs (5 hr., 45 min.) : ‡bdigital ; ‡c4 3/4 in. | |
| 490 | 0 | . | ‡aBuckalew family ; ‡v1 |
| 500 | . | ‡aTitle from container. | |
| 511 | 0 | . | ‡aNarrated by Graham Winton. |
| 500 | . | ‡aCompact disc. | |
| 500 | . | ‡aIn container (17 cm.). | |
| 520 | . | ‡aSam Houston's victory at San Jacinto has made Texas an independent republic. Along with other settlers whose lives have been disrupted by the revolution, Joshua Buckalew tries to put the pieces back together. He finds that starting over in the aftermath of war can be as challenging as war itself. The racial differences that helped foment the conflict have not disappeared -- and being an independent republic can be more difficult than being a colony of Mexico. | |
| 650 | 0. | ‡aColonists ‡vFiction. | |
| 650 | 0. | ‡aWars ‡vFiction. | |
| 651 | 0. | ‡aMexico ‡vFiction. ‡0(LARL_NWRL_CONSORTIUM)163155 | |
| 651 | 0. | ‡aTexas ‡vFiction. ‡0(LARL_NWRL_CONSORTIUM)167647 | |
| 655 | 7. | ‡aWestern stories. ‡2gsafd | |
| 655 | 7. | ‡aAudiobooks. ‡2lcgft ‡0(LARL_NWRL_CONSORTIUM)175801 | |
| 700 | 1 | . | ‡aWinton, Graham. ‡4nrt |
| 901 | . | ‡a216212 ‡b ‡c216212 ‡tbiblio | |

Add to basket
Permalink
Disable Highlighting